[Event "Ambes op 1st"]
[Site "Ambes"]
[Date "2007.04.13"]
[Round "9"]
[White "Magot, David"]
[Black "Tabaroni, Serge"]
[Result "1-0"]
[WhiteElo "1499"]
[BlackElo "1793"]
[PlyCount "105"]
[EventDate "2007.04.07"]
[EventType "swiss"]
[EventRounds "11"]
[EventCountry "FRA"]
[SourceTitle "CBM 117 Extra"]
[Source "ChessBase"]
[SourceDate "2007.05.09"]
[SourceVersion "1"]
[SourceVersionDate "2007.05.09"]
[SourceQuality "1"]

1. e4 g6 2. d4 Bg7 3. Nf3 d6 4. Be2 Nf6 5. Nc3 0-0 6. 0-0 Nbd7 7. h3 c5 8. Be3 b6 9. e5 dxe5 10. Nxe5 Nxe5 11. dxe5 Qxd1 12. Raxd1 Nd7 13. Nd5 Nxe5 14. Nxe7+ Kh8 15. f4 Ng4 16. hxg4 Re8 17. Bf3 Bxg4 18. Bxa8 Bxd1 19. Rxd1 Rxa8 20. Bc1 Re8 21. Nd5 Re2 22. c3 Re8 23. Kf2 f5 24. Nc7 Rc8 25. Be3 Bxc3 26. bxc3 Rxc7 27. a4 Kg8 28. Kf3 Re7 29. Bf2 Kf7 30. Bh4 Rb7 31. Rd6 a5 32. c4 Ke8 33. g4 Rd7 34. Re6+ Kf7 35. gxf5 gxf5 36. Rxb6 Rd4 37. Rf6+ Kg7 38. Rxf5 Rxc4 39. Bf2 Rxa4 40. Rxc5 Ra3+ 41. Kg4 a4 42. Bd4+ Kg6 43. Rc6+ Kf7 44. Kf5 Rh3 45. Rc7+ Ke8 46. Ke6 Kd8 47. Be5 Rh6+ 48. Kd5 Rh5 49. Ra7 Rh1 50. Rxa4 h5 51. Ke6 Kc8 52. Rb4 h4 53. Rb8# 1-0

[Event "Ambes op 1st"]
[Site "Ambes"]
[Date "2007.04.09"]
[Round "3"]
[White "Magot, David"]
[Black "Gallice, Francois"]
[Result "1-0"]
[WhiteElo "1499"]
[BlackElo "1912"]
[PlyCount "101"]
[EventDate "2007.04.07"]
[EventType "swiss"]
[EventRounds "11"]
[EventCountry "FRA"]
[SourceTitle "CBM 117 Extra"]
[Source "ChessBase"]
[SourceDate "2007.05.09"]
[SourceVersion "1"]
[SourceVersionDate "2007.05.09"]
[SourceQuality "1"]

1. e4 c5 2. Nf3 d6 3. d4 cxd4 4. Nxd4 Nf6 5. Nc3 g6 6. f3 Bg7 7. Be3 Nbd7 8. Bc4 a6 9. a4 Qc7 10. Bb3 Nc5 11. Ra3 Nxb3 12. Rxb3 0-0 13. 0-0 e6 14. Nde2 Nd7 15. Bf4 e5 16. Be3 Nc5 17. Bxc5 Qxc5+ 18. Kh1 Rb8 19. Nd5 Be6 20. Nec3 Rfe8 21. Qd3 Kh8 22. h3 Rec8 23. Rc1 Bh6 24. Rd1 Bxd5 25. Qxd5 Qxd5 26. Rxd5 Bf8 27. Rd2 Kg7 28. Nd5 Rc4 29. Nb6 Rc7 30. Rbd3 f6 31. b3 g5 32. Nc4 Rbc8 33. Nxd6 Bxd6 34. Rxd6 Rxc2 35. Rxc2 Rxc2 36. Rd7+ Kg6 37. Rxb7 Rb2 38. Rb6 h5 39. Rxa6 Rxb3 40. Ra8 Kg7 41. a5 g4 42. fxg4 hxg4 43. hxg4 Rb4 44. a6 Rxe4 45. a7 Ra4 46. Kg1 Ra2 47. Kh2 Kf7 48. Kg3 Ra3+ 49. Kf2 e4 50. Ke2 e3 51. Rh8 1-0